banner koha

Tremor de cabeça idiopático em cães – relato de dois casos (Registro n. 327932)

MARC details
000 -LÍDER
fixed length control field 04004nab a2200289 i 4500
003 - CÓDIGO MARC DA AGÊNCIA CATALOGADORA
Campo de controle BR-BrBNA
005 - DATA E HORA DA ÚLTIMA ATUALIZAÇÃO
Campo de controle 20241004144218.0
008 - CAMPO DE TAMANHO FIXO
fixed length control field 241004b2018 bl.|r|pooa||| 00| 0 por |
040 ## - FONTE DA CATALOGAÇÃO
Agência catalogadora BR-BrBNA
Idioma da catalogação por
072 ## - CATEGORIA AGRIS
Código AGRIS L74
Código do objeto 5400
100 ## - ENTRADA PRINCIPAL - NOME PESSOAL
Nome pessoal Caramalac, S.M.
100 ## - ENTRADA PRINCIPAL - NOME PESSOAL
Nome pessoal Frazílio, F.O.
100 ## - ENTRADA PRINCIPAL - NOME PESSOAL
Nome pessoal Palumbo, M.I.P.
245 ## - TÍTULO PRINCIPAL
Título principal Tremor de cabeça idiopático em cães – relato de dois casos
500 ## - NOTA GERAL
Nota geral Publicação online; 15 ref.; Summaries (En, Pt)
942 ## - ADDED ENTRY ELEMENTS (KOHA)
Koha item type Analítica
520 ## - NOTA DE RESUMO
Nota de conteúdo <br/><br/>RESUMO - Tremor de cabeça idiopático é uma forma de discinesia paroxística reconhecida como hereditária e associada a determinadas raças, sendo relatado, sobretudo, em Buldogue Inglês, Dobermann Pinscher e Boxer. Conhecido também como head bobbing ou tremor de cabeça episódico, os cães acometidos apresentam crises caracterizadas por tremores limitados à região de cabeça, de direção horizontal, vertical ou ambos, sendo geralmente relacionados a um evento desencadeante. Foram atendidos, no Hospital Veterinário da UFMS, dois caninos da raça Buldogue Inglês (um macho de um ano e uma fêmea de sete meses) com histórico de tremores episódicos restritos à região de cabeça. Exames físicos e neurológicos completos foram realizados, não sendo constatada qualquer alteração. Com base na raça, no histórico, na ausência de outros sinais clínicos e na exclusão de outras causas de tremores, foi dado o diagnóstico de head bobbing. Tal enfermidade caracteriza-se por tremores restritos à região de cabeça, associados a uma condição genética benigna. Não é considerada uma forma de convulsão, uma vez que o animal permanece alerta e responsivo aos estímulos ambientais, os tremores podem ser interrompidos por distrações ou qualquer interação com o ambiente, não sendo responsivos à terapia com anticonvulsivantes. De acordo com a revisão de literatura realizada, estes são os primeiros casos diagnosticados e relatados no Brasil.<br/><br/><br/>Palavras-chave: Buldogue Inglês, crises epilépticas, discinesia paroxística, head bobbing
520 ## - NOTA DE RESUMO
Nota de conteúdo <br/><br/>ABSTRACT - Idiopathic head tremor is a form of paroxysmal dyskinesia recognized as hereditary or associated with certain races, being reported in English bulldogs, doberman pinschers, and boxers. Also known as head bobbing or episodic head tremor, the affected dogs present with seizures characterized by tremors limited to head region, horizontal direction, vertical or both and are usually related to a triggering event. Two dogs of the English bulldog breed (a male of 1 year and a female of 7 months) with a history of episodic tremors restricted to the head region were seen at the UFMS Veterinary Hospital. Complete physical and neurological examinations were performed, and no alterations were found. Based on race, history, absence of other clinical signs and exclusion of other causes of tremors, the diagnosis of head bobbing was performed. Such a disease is characterized by tremors restricted to the head region, associated with a benign genetic condition. It is not considered a form of seizure, since the animal remains alert and responsive to environmental stimuli, the tremors can be interrupted by distractions or any interaction with the environment, being not responsive to anticonvulsant therapy. According to the literature review, these are the first cases diagnosed and reported in Brazil.<br/><br/><br/>Keywords: english bulldog, epileptic seizures, paroxysmal dyskinesia, head bobbing
650 ## - ASSUNTO - THESAGRO
Cabeçalho tópico ou nome geográfico CÃO
650 ## - ASSUNTO - THESAGRO
Cabeçalho tópico ou nome geográfico RAÇA
650 ## - ASSUNTO - THESAGRO
Cabeçalho tópico ou nome geográfico CABEÇA
650 ## - ASSUNTO - THESAGRO
Cabeçalho tópico ou nome geográfico TREMOR
650 ## - ASSUNTO - THESAGRO
Cabeçalho tópico ou nome geográfico DISTÚRBIO FISIOLÓGICO
773 0# - ENTRADA ANALÍTICA
Host Biblionumber 1643
Registro do item 344976
Imprenta Belo Horizonte-MG Universidade Federal de Minas Gerais - Escola de Veterinaria 1983
Outro identificador 2024-5389
Título Arquivo Brasileiro de Medicina Veterinária e Zootecnia (Brazil)
ISSN 0102-0935
Colação v. 70(6) p. 1731-1735; (2018)
Número de controle de registro BR2024002788
856 ## - ACESSO E ENDEREÇO ELETRÔNICO
Identificador uniforme de recurso - URI https://www.scielo.br/j/abmvz/a/KztgJr6CNrJLQGm4xpsm5gm/?format=pdf&lang=pt

Nenhum exemplar disponível.

BINAGRI

Telefone: (61)3218-2567/2388/3357/2097 - binagri@agro.gov.br

Ministério da Agricultura e Pecuária , Esplanada dos Ministérios, Bloco D, Anexo B, Brasília/DF, CEP: 70.043-900